Регионална библиотека "Любен Каравелов" - Русе

С усмивка към Европа (Запис номер 52799)

MARC детайли
000 -Лидер
Контролно поле с фиксирана дължина 01244nam a2200349 c 4500
003 - Код на организацията, давaща контролен номер
Контролно поле BLK
005 - Дата и час на последна редакция
Контролно поле 20180420222254.0
008 - Елементи от данни с фиксирана дължина
fixed length control field 180408b bul|||||r ||||||| ||bul||
010 ## - Наследен системен номер
LC control number KNG00056725000
020 ## - Международен стандартен номер на книга ISBN
Международен стандартен номер на книга ISBN 954-8134-19-5
-- издат.: Фонд. Сатирик
040 ## - Източник на каталожния запис
Идентификатор на билиотеката - собственик на записа BLK
041 ## - Код за език
Код за езика на текст/звукозапис или на отделно заглавие Български
Код за езика КДБФ Български
080 ## - УДК
Текстов определител УДК Българска литература
УДК код - определител по УДК 821.163.2
УДК определител -7
УДК - код + определител 821.163.2-7
080 ## - УДК
Текстов определител УДК Карикатура. Комикс
УДК код - определител по УДК 741.5
УДК определител (497.2)(084)
УДК - код + определител 741.5(497.2)(084)
139 ## - Редно поле
Редна дума С усмивка към Европа
Авторски знак С - С 11
245 10 - Сведения за заглавието
Заглавие С усмивка към Европа
257 ## - Страна на издаване
Страна на създаване/издаване България
260 ## - Област на издателските данни
-- София
Име на издателя, разпространителя и проч. Фонд. Сатирик
Година на издаване 2004
Печатница София : ПК Димитър Благоев
300 ## - Физическа характеристика
Страници 64 с.
Илюстрации и др. с ил.
Размери/Мащаб 21Х21 см
380 ## - Жанр
Жанр Худож. лит.
500 ## - Общи забележки
Забележка Офс. изд. - Съдържа и Кой кой е.
650 #4 - Допълнително описание по предмет – тема
Основно описание – тема или топоним Карикатура, българска - албуми
9 (RLIN) 284683
653 ## - Ключова дума – ненормативна
Ключова дума сатира
653 ## - Ключова дума – ненормативна
Ключова дума карикатури
653 ## - Ключова дума – ненормативна
Ключова дума България
653 ## - Ключова дума – ненормативна
Ключова дума албуми
852 ## - Местоположение
Форматна сигнатура Цб 225568
856 4# - Електронен адрес и достъп
Електронен формат pdf - файл
Път до файла /url/
856 4# - Електронен адрес и достъп
Електронен формат pdf - файл
Път до файла /url/
942 ## - АРТИКУЛИ
Вид на библиотечния материал Книги
Скрит в OPAC Не
944 ## - СЪЗДАВАНЕ И РЕДАКЦИЯ на ЗАПИСА
Създаване/Редакция Създаване
Дата на регистрацията/редакция 18.11.2005
Служител, извършил регистрацията/редакцията Людмила_Стоянова
944 ## - СЪЗДАВАНЕ И РЕДАКЦИЯ на ЗАПИСА
Създаване/Редакция Редакция
Дата на регистрацията/редакция 21.07.2015
Служител, извършил регистрацията/редакцията Ирена_Линкова
999 ## - СИСТЕМНИ КОНТРОЛНИ НОМЕРА
Koha biblionumber 52799
Koha biblioitemnumber 52799
Наличности
Код за отписване Код за изгубен артикул Източник на класификационната схема Код за повреда Коз за рестрикции Код за отдаване Артикулен № Име на библиотеката - собственик Име на библиотеката, в която се намира в момента Статус (Текущо местоположение) Дата на вписване в системата Местоположение - отдел Цена в лева Инвентарен номер Систематично азбучна сигнатура Баркод Номер на екземпляра Цена в евро Служебна бележка Служебен тип на артикула
  Не е изгубен Universal Decimal Classification Не е повреден само за читалня ползва се в читалня 83132 Регионална библиотека "Любен Каравелов" Русе Регионална библиотека "Любен Каравелов" Русе Хранилище 2005-11-18 Хранилище 3.00 120000698224 Цб 225568 120000698224 1 1.53 Дост: Dp Вид: Д N: 47 Дата: 10.11.2004 Книги
  Не е изгубен Universal Decimal Classification Не е повреден без рестрикции заемане за дома 83133 Регионална библиотека "Любен Каравелов" Русе Регионална библиотека "Любен Каравелов" Русе Отдел Изкуство - подръчен фонд 2005-12-22 Отдел Изкуство - подръчен фонд 3.00 120000698950 8/С 11 120000698950 2 1.53 Дост: DA Вид: А N: 27 Дата: 21.12.2005 Дата инв: 05.04.2017 Бележки инв: ИП2017 Книги
Vip Innovations Ltd, Rousse, Bulgaria 2025